A bibliography on teaching and testing in foreign languages, with special reference to programmed learning /

Saved in:
Bibliographic Details
Main Author: Lamérand, Raymond Jean
Corporate Author: Australian Council for Educational Research
Format: Book
Language:English
Published: Melbourne : Australian Council for Educational Research, 1967.
Subjects:
LEADER 00996nam a2200229 a 4500
001 c000359620
003 CARM
005 00000000000000.0
008 851113s1967 vra 00000 eng d
019 1 |a 4132714  |z 45131417  |5 LACONCORD2021 
035 |a (OCoLC)37051712  |5 LACONCORD2021 
100 1 |a Lamérand, Raymond Jean. 
245 0 2 |a A bibliography on teaching and testing in foreign languages, with special reference to programmed learning /  |c by R. J. Lamérand. 
260 |a Melbourne :  |b Australian Council for Educational Research,  |c 1967. 
300 |a 1 v. (unpaged) ;  |c 26 cm. 
500 |a Processed. 
650 0 |a Language and languages  |x Study and teaching  |x Bibliography. 
710 2 |a Australian Council for Educational Research. 
852 8 |b CARM  |h A1:AP33C0  |i F02296  |p 0357452  |f BK 
082 0 4 |a 016.407 
999 f f |i 62b1b2a2-0336-55ee-ac50-7aa6f1460fc5  |s fc39a308-8612-5703-bfe1-196f37186d8a 
952 f f |p Can circulate  |a CAVAL  |b CAVAL  |c CAVAL  |d CARM 1 Store  |e F02296  |f A1:AP33C0  |h Other scheme  |i book  |m 0357452